MARC

LEADER 00000nas a2200000 a 4500
001 ssj0000293
003 WaSeSS
005 20200512172242.0
006 m d
007 cr n
008 020605d19602004dcubr pss 0 a0eng c
010 |a  2007247577 
022 |a 2331-4303  |y 0003-9896 
035 |a (WaSeSS)ssj0000293 
040 |a SBH  |b eng  |c SBH  |d OCLCQ  |d FQM  |d OCLCQ  |d SBH  |d OCLCE  |d OCLCQ  |d OCLCO  |d OCLCQ  |d DLC  |d OCLCF  |d OCLCO  |d PFM  |d OCLCQ  |d OCLCO  |d OCLCQ  |d BUF  |d AUD  |d VT2  |d U3W  |d WaSeSS 
042 |a pcc  |a nsdp 
050 4 |a RC963  |b .A7 
060 0 |a W1 AR455 
082 0 0 |a 616.9  |2 23 
130 0 |a Archives of environmental health (Online) 
210 0 |a Arch. environ. health  |b (Online) 
222 0 |a Archives of environmental health  |b (Online) 
245 1 0 |a Archives of environmental health  |h [electronic resource]. 
246 3 0 |a Environmental health 
260 |a Washington, D.C. :  |b Heldref Publications,  |c -2004. 
310 |a Monthly,  |b 2003-2004 
321 |a Bimonthly,  |b -2002 
362 1 |a Began with v. 1 in July 1960; ceased with v. 59, no. 12 (Dec. 2004). 
506 |a License restrictions may limit access. 
538 |a Mode of access: World Wide Web. 
550 |a Vols. for 1960-<June 1961> issued by the American Medical Association; Vols. for 1960-<June 1961> are the official publication of the American Academy of Occupational Medicine; <Jan./Feb. 1986-> the Society for Occupational and Environmental Health. 
580 |a Original print version of this title was preceded by an earlier title called: A.M.A. archives of industrial health. 
588 |a Description based on: Vol. 1, issue 1 (July 1960); title from contents page (tandfonline.com website, viewed Sept. 30, 2013). 
588 |a Latest issue consulted: Vol. 59, issue 12 (Dec. 2004) (viewed Sept. 30, 2013). 
650 0 |a Environmentally induced diseases  |v Periodicals. 
650 0 |a Occupational diseases  |v Periodicals. 
650 0 |a Medicine, Preventive  |v Periodicals. 
650 0 |a Aviation medicine  |v Periodicals. 
650 6 |a Médecine préventive  |v Périodiques. 
650 6 |a Hygiène du milieu  |v Périodiques. 
650 7 |a Aviation medicine.  |2 fast  |0 (OCoLC)fst00824365 
650 7 |a Environmentally induced diseases.  |2 fast  |0 (OCoLC)fst00913560 
650 7 |a Medicine, Preventive.  |2 fast  |0 (OCoLC)fst01015324 
650 7 |a Occupational diseases.  |2 fast  |0 (OCoLC)fst01043175 
650 1 7 |a Milieugezondheidskunde.  |2 gtt 
650 1 2 |a Environmental Health  |v Periodicals. 
650 2 2 |a Preventive Medicine  |v Periodicals. 
650 2 2 |a Space Flight  |v Periodicals. 
655 0 |a Electronic journals. 
710 2 |a American Medical Association. 
710 2 |a American Academy of Occupational Medicine. 
710 2 |a Society for Occupational and Environmental Health. 
776 1 |t Archives of environmental health  |x 0003-9896  |w (DLC) 62003872  |w (OCoLC)1513869 
780 0 2 |t A.M.A. archives of industrial health 
785 0 0 |t Archives of environmental & occupational health (Online)  |x 2154-4700  |w (DLC) 2007247578  |w (OCoLC)122187686 
856 4 0 |z Full text available from Research Library: 01/01/1996 to 12/31/2004  |u https://search.proquest.com/publication/28654